|
|
|
|
| LEADER |
00000nab a2200000uu 4500 |
| 001 |
vtls011494691 |
| 003 |
SK-MaSNL |
| 005 |
20260303105236.0 |
| 008 |
230121|2013 xo |||||||||||||||||slo| |
| 015 |
|
|
|a SNBRB
|
| 035 |
|
|
|a (urnnbn)urn:nbn:sk:snk:ar-a09sxo
|
| 035 |
|
|
|a (uuid)3a168044-d491-4771-b415-75f88e160e63
|
| 035 |
|
|
|a urn:nbn:sk:snk-abdiwn
|
| 040 |
|
|
|a SNKBUCL
|b slo
|c SNKBUCL
|e AACR2
|
| 041 |
0 |
|
|a slo
|
| 044 |
|
|
|a xo
|c SK
|
| 100 |
1 |
|
|a Pulenová, Valéria
|4 aut
|9 671278
|
| 245 |
1 |
0 |
|a Predškolské zariadenia, nižšie a vyššie ľudové školy a učňovské školy v Rožňave v druhej polovici 19. storočia a začiatkom 20. storočia
|c Valéria Pulenová
|
| 246 |
3 |
|
|a Pre-school facilities, lower and upper elementary schools and appretince schools in Rožňava in the second half of the 19th century and in the early 20th century
|
| 773 |
0 |
|
|t Annales historici Presovienses
|g Roč. 13, č. 2 (2013), s. 33-45
|
| 954 |
|
|
|a odborná, vedecká literatúra pôvodná (slovenská)
|2 lita
|
| 958 |
|
|
|a OND
|
| 958 |
|
|
|a EUIPO
|
| 958 |
|
|
|a article18
|
| 999 |
|
|
|c 1862012
|d 1863942
|